00365nam a2200181Ia 4500003000900000008004100009040001300050040001300063041000800076100001900084245001600103250001200119260001600131260000900147300001100156300001000167490000600177IT-RoPAU120407s9999 xx 000 0 und d aIT-RoPAU cIT-RoPAU aita aGiovanni Costa aTito Livio. aBergamo aMorcelliana c1943 a197 p. c19 cm v1